Movie Titles: First Word Same as Last Word Quiz Stats

Quiz Updated Aug 29, 2014

Also try: Really Long Movies
Challenge
Share
Tweet
Embed
Score 0/20 Timer 05:00
2 Plays Today
Hint Missing Word % Correct
Frank Capra's 1938 Best Movie Oscar winner, with Jean Arthur and James Stewart.You
99.1%
With the justice system failing her, mom Sally Field turns vigilante to take down bad guy Kiefer Sutherland.Eye
86.1%
The master vigilante, Charles Bronson as Paul Kersey, has one final go at it, in 1994.Death
85.9%
Dustin Hoffman vs Meryl Streep in bitter custody battle, 1979's Best Movie Oscar-winner.Kramer
85.1%
1998 German film has flame-haired girl doing a whole lot of running around to bail out her no-good boyfriend.Run
83.3%
Jane Fonda, Michael Sarrazin, Susannah York, Red Buttons, Bonnie Bedelia, Bruce Dern...dancing, a lot.They
82.2%
Elvis Presley sang 'Return to Sender' in this 1962 vehicle of his, set in Hawaii.Girls
81.8%
2007 movie directed by Ben Affleck, starring another Affleck, and Oscar-nominated for Amy Ryan.Gone
79.9%
John Schlesinger's 1971 directorial follow-up to 'Midnight Cowboy', with Peter Finch and Glenda Jackson.Sunday
79.9%
Young man's girlfriend's daddy is Boris Karloff. And there's a meteorite hidden in the basement!Die
77.9%
Hint Missing Word % Correct
Firefighter Josh Duhamel battles white supremacist Vincent D'Onofrio. Rosario Dawson & Bruce Willis lend a hand.Fire
70.1%
Julia Roberts plays evil stepmom to Lily Collins' Snow White in this 2012 flick.Mirror
58.8%
1976 Ingmar Bergman film with Liv Ullmann as a psychiatrist who needs to see a psychiatrist.Face
41.9%
2007 box-office failure starring Tim Roth, director Francis Ford Coppola's first film in 10 years.Youth
22.1%
Humorists Bob and Ray have small roles in this 1982 Arthur Hiller movie, starring Al Pacino.Author
15.1%
Older woman Lily Tomlin falls for young drifter John Travolta in this all-but-forgotten 1978 turkey.Moment
14.1%
1968 Best Movie Oscar nominee, Paul Newman's debut as director, with Joanne Woodward in the title role.Rachel
12.8%
Radha Mitchell plays the title character(s) in Woody Allen's 2004 offering. Will Ferrell's in it too.Melinda
9.6%
Pre-Juno Ellen Page joins a cult, mom tries to save her, but mom gets seduced by cult leader!Mouth
7%
Oscar-nominated Tom Conti plays a womanizing alcoholic poet with writer's block in this 1983 tragicomedy.Reuben
3.9%

You're not logged in!

Compare scores with friends on all Sporcle quizzes.
Sign Up with Email
OR
Log In

You Might Also Like...

Show Comments

Extras

Top Quizzes Today


Score Distribution

Your Account Isn't Verified!

In order to create a playlist on Sporcle, you need to verify the email address you used during registration. Go to your Sporcle Settings to finish the process.